El aporte de Pávlov al desarrollo de la medicina

Shranjeno v:
Bibliografske podrobnosti
Main Authors: Klotz, H. Pierre (Author), Roelens, R (Author), Lafitte, V (Author), Kartun, P (Author), Albert, A (Author), Follin, S (Author), Angelergues, R (Author), Sapir, M (Author), Guillant, L. Le (Author), Aboulker, J (Author), Beaulieu, E (Author), Lévy, J (Author)
Format: Knjiga
Jezik:španščina
Izdano: Buenos Aires Editorial Psique 1957
Izdaja:1a. ed
Teme:
Oznake: Označite
Brez oznak, prvi označite!

MARC

LEADER 00000cam a2200000 a 4500
001 UCC1714
003 CL-VaPUC
008 171117e19570000ag |||||||||||||||||spa|d
082 0 4 |a 150.19  |b KLO  |2 21 
100 |a Klotz, H. Pierre  |e author  |9 595771 
700 0 |a Roelens, R  |e author  |9 595772 
700 0 |a Lafitte, V  |e author  |9 595773 
700 0 |a Kartun, P  |e author  |9 595774 
700 0 |a Albert, A  |e author  |9 595775 
700 0 |a Follin, S  |e author  |9 595776 
700 0 |a Angelergues, R  |e author  |9 595777 
700 0 |a Sapir, M  |e author  |9 595778 
700 0 |a Guillant, L. Le  |e author  |9 595779 
700 0 |a Aboulker, J  |e author  |9 595780 
700 0 |a Beaulieu, E  |e author  |9 595781 
700 0 |a Lévy, J  |e author  |9 595782 
245 1 3 |a El aporte de Pávlov al desarrollo de la medicina 
250 |a 1a. ed 
300 |a 297 p 
942 |c BK 
945 |d 20171117 16:06:00  |a arojas 
260 |a Buenos Aires  |b Editorial Psique  |c 1957 
600 0 |a Pávlov, Iván Petrovic  |d 1849-1936  |9 595783 
650 7 |a ESCUELAS DE PSICOLOGIA  |2 CL-VaPUC  |9 334607 
650 7 |a PSICOLOGIA EXPERIMENTAL  |2 CL-VaPUC  |9 309015 
650 7 |a PSICOLOGIA GESTALTICA  |2 CL-VaPUC  |9 306251 
650 7 |a PSICOLOGIA COMPARADA  |2 CL-VaPUC  |9 269754 
583 |a last modification  |c 20171117 16:06:00  |k Rodrigo Vera 
999 |c 370109  |d 370107 
952 |0 0  |1 0  |3 erb  |4 0  |6 150_190000000000000_KLO_1957  |7 0  |8 A  |9 486413  |a BIBEDU  |b BIBEDU  |i 5437342  |o 150.19 KLO 1957  |p 5437342  |r 2019-11-24  |w 2019-11-24  |y BK  |z Catalogado en:20171117  |k PSI